<?xml version="1.0" encoding="UTF-8"?>
<record
    xmlns:xsi="http://www.w3.org/2001/XMLSchema-instance"
    xsi:schemaLocation="http://www.loc.gov/MARC21/slim http://www.loc.gov/standards/marcxml/schema/MARC21slim.xsd"
    xmlns="http://www.loc.gov/MARC21/slim">

  <leader>00835nam a2200157 a 4500</leader>
  <controlfield tag="005">20140414093843.0</controlfield>
  <controlfield tag="008">090615s19uu    xx            00    eng d</controlfield>
  <datafield tag="050" ind1=" " ind2=" ">
    <subfield code="a">DVD 791.43</subfield>
    <subfield code="b">WHE 1993</subfield>
  </datafield>
  <datafield tag="100" ind1=" " ind2=" ">
    <subfield code="a">Irvin, John</subfield>
  </datafield>
  <datafield tag="245" ind1=" " ind2=" ">
    <subfield code="a">When trumphets fade /</subfield>
    <subfield code="c">John Irvin.</subfield>
  </datafield>
  <datafield tag="500" ind1=" " ind2=" ">
    <subfield code="a">Running time: 89 mins. approx. ; Aspect ratio: 4:3 full frame ;</subfield>
  </datafield>
  <datafield tag="520" ind1=" " ind2=" ">
    <subfield code="a">Private Manning hopes for a section 8 switch away from the frontline combat, but when he's the only survivor of his platoon, Captain Pritchett is so impressed he upgrades Manning to sergeant. This irritates Sgt. Talbot who views Manning as a coward. Manning is put in charge of a group of awkward recruits, including the clumsy Sanderson as the allies prepare to take a key location, a well-defended bridge.</subfield>
  </datafield>
  <datafield tag="650" ind1=" " ind2=" ">
    <subfield code="a">Motion pictures.</subfield>
  </datafield>
  <datafield tag="942" ind1=" " ind2=" ">
    <subfield code="c">AVM</subfield>
  </datafield>
  <datafield tag="999" ind1=" " ind2=" ">
    <subfield code="c">109449</subfield>
    <subfield code="d">109449</subfield>
  </datafield>
  <datafield tag="952" ind1=" " ind2=" ">
    <subfield code="0">0</subfield>
    <subfield code="1">0</subfield>
    <subfield code="4">0</subfield>
    <subfield code="5">0</subfield>
    <subfield code="a">LUX</subfield>
    <subfield code="b">LUX</subfield>
    <subfield code="c">AV</subfield>
    <subfield code="d">2009-06-15</subfield>
    <subfield code="e">I.B Fund</subfield>
    <subfield code="g">848.00</subfield>
    <subfield code="l">0</subfield>
    <subfield code="o">DVD 791.43 WHE 1993</subfield>
    <subfield code="p">AV1096</subfield>
    <subfield code="r">2014-04-14 00:00:00</subfield>
    <subfield code="w">2014-04-14</subfield>
    <subfield code="y">AVM</subfield>
  </datafield>
</record>
